| 000 | 00540nam a2200217Ia 4500 | ||
|---|---|---|---|
| 008 | 170711s9999 xx 000 0 und d | ||
| 020 | _a9711032643 | ||
| 050 | _a617.6 | ||
| 050 | _bB753 1979 | ||
| 100 | _aBoucher, Louis J. | ||
| 245 | 2 | _aA comprehensive review of dentistry / | |
| 245 | _cLouis J. Boucher. | ||
| 260 | _aPhilippines : | ||
| 260 | _bMerriam & webster, Inc. | ||
| 260 | _c1979 | ||
| 300 | _a702 pages : | ||
| 300 | _billustrations ; | ||
| 500 | _aIncludes index. | ||
| 650 | _aDentistry. | ||
| 700 | _aTitle. | ||
| 999 |
_c339588 _d339588 |
||